| 000 | 00422nam a2200145Ia 4500 | ||
|---|---|---|---|
| 008 | 151021s9999 xx 000 0 und d | ||
| 020 | _a8131207048 | ||
| 050 | _aTK6643.H622004 | ||
| 245 | _a_An Introduction to Video and Audio Measurement (3rd ed) | ||
| 260 | _aUSA Focal Press 2004 | ||
| 300 | _ax,232p.;ill | ||
| 500 | _aIncludes Index | ||
| 650 | _a_Digital Specialities | ||
| 980 | _a^d20110107 01:09:46^okilerai | ||
| 999 |
_c5937 _d5937 |
||